000 00282nam a22001337a 4500
008 170526b xxu||||| |||| 00| 0 eng d
020 _a9780135433980
041 _aeng
080 _a621
100 _a27
101 _aIM
245 _aMACHINE VISION
_cVERNON,D
942 _2udc
_cBK
999 _c14515
_d14515